| 000 | 00604nam a2200229Ia 4500 | ||
|---|---|---|---|
| 003 | OSt | ||
| 005 | 20221006165051.0 | ||
| 006 | a|||||r|||| 00| 0 | ||
| 007 | ta | ||
| 008 | 221006b |||||||| |||| 00| 0 eng d | ||
| 024 | _a6,791 | ||
| 037 | _cTextual | ||
| 040 |
_aFML _cFML _beng |
||
| 041 |
_2eng _aeng |
||
| 082 | _aL:4:692, K4 | ||
| 100 |
_aAmber R. B. Au. _9679018 |
||
| 245 | 0 |
_aColor Therapy _b Healing With Color |
|
| 260 |
_aKolkata _bMukho. India _c1964 |
||
| 300 |
_a244 _ccm. |
||
| 942 |
_hL:4:692, K4 _cTEXL _2CC |
||
| 999 |
_c1119479 _d1119479 |
||